[Event "Teplice op 6th"]
[Site "Teplice"]
[Date "2011.06.15"]
[Round "5"]
[White "Kaluzny, Michal"]
[Black "Novotny, Tomas"]
[Result "0-1"]
[WhiteElo "1797"]
[BlackElo "1915"]
[PlyCount "44"]
[EventDate "2011.06.11"]
[EventType "swiss"]
[EventRounds "9"]
[EventCountry "CZE"]
[SourceTitle "CBM 142 Extra"]
[Source "ChessBase"]
[SourceDate "2011.06.27"]
[SourceVersion "1"]
[SourceVersionDate "2011.06.27"]
[SourceQuality "1"]

1. e4 c5 2. Ne2 Nc6 3. g3 g6 4. d4 cxd4 5. Nxd4 Bg7 6. c3 d5 7. Nxc6 bxc6 8. Bg2 e6 9. exd5 cxd5 10. 0-0 Ne7 11. Nd2 0-0 12. Nb3 Qc7 13. Bf4 e5 14. Be3 Bb7 15. Qe2 a5 16. Rad1 Ba6 17. Qc2 Bxf1 18. Kxf1 e4 19. Nd4 Rab8 20. a4 Nf5 21. Bf4 Qc4+ 22. Kg1 Nxd4 0-1

[Event "Teplice op 5th"]
[Site "Teplice"]
[Date "2010.06.16"]
[Round "5"]
[White "Hamala, Miroslav"]
[Black "Kaluzny, Michal"]
[Result "1-0"]
[WhiteElo "1977"]
[BlackElo "1592"]
[PlyCount "79"]
[EventDate "2010.06.12"]
[EventType "swiss"]
[EventRounds "9"]
[EventCountry "CZE"]
[SourceTitle "CBM 136 Extra"]
[Source "ChessBase"]
[SourceDate "2010.07.02"]
[SourceVersion "2"]
[SourceVersionDate "2010.07.15"]
[SourceQuality "1"]

1. e4 c5 2. c3 d5 3. e5 Nc6 4. f4 d4 5. d3 h5 6. Nf3 Nh6 7. g3 Qb6 8. Nbd2 Be6 9. Ng5 Bd5 10. Nde4 Nf5 11. Bg2 e6 12. 0-0 c4 13. Kh1 h4 14. g4 Nh6 15. h3 0-0-0 16. Qe2 dxc3 17. bxc3 cxd3 18. Qxd3 f5 19. Nd6+ Bxd6 20. Bxd5 exd5 21. exd6 Rxd6 22. gxf5 Rf8 23. Ba3 Nxf5 24. Rab1 Ng3+ 25. Kg2 Qd8 26. Qb5 Rd7 27. Ne6 Qe8 28. Rfe1 Qg6 29. Nxf8 Qc2+ 30. Kg1 Ne4 31. Rxe4 Qxe4 32. Kf1 Qxf4+ 33. Ke2 Qe4+ 34. Kd2 Qf4+ 35. Kc2 Nd4+ 36. cxd4 Qf2+ 37. Kc3 Qg3+ 38. Qd3 Qc7+ 39. Bc5 Qa5+ 40. Kc2 1-0

[Event "Teplice op 3rd"]
[Site "Teplice"]
[Date "2008.06.20"]
[Round "7"]
[White "Hlousek, Zdenek"]
[Black "Kaluzny, Michal"]
[Result "1/2-1/2"]
[WhiteElo "1706"]
[BlackElo "1717"]
[PlyCount "51"]
[EventDate "2008.06.14"]
[EventType "swiss"]
[EventRounds "9"]
[EventCountry "CZE"]
[SourceTitle "CBM 125 Extra"]
[Source "ChessBase"]
[SourceDate "2008.09.01"]
[SourceVersion "1"]
[SourceVersionDate "2008.09.01"]
[SourceQuality "1"]

1. c4 c6 2. Nf3 d5 3. e3 Bf5 4. Nc3 Nf6 5. d4 Nbd7 6. cxd5 cxd5 7. Qb3 Nb6 8. Bb5+ Bd7 9. Ne5 e6 10. 0-0 Bd6 11. Nf3 0-0 12. Bd3 Qe7 13. Bd2 Ng4 14. Qc2 h5 15. h3 Nf6 16. Qd1 Rac8 17. Rc1 Nc4 18. Bxc4 Rxc4 19. Ne5 Rc7 20. Re1 g6 21. e4 dxe4 22. Bg5 Rfc8 23. Rxe4 Qd8 24. Rf4 Be7 25. Rf3 Be8 26. Rd3 1/2-1/2

[Event "Teplice op 3rd"]
[Site "Teplice"]
[Date "2008.06.19"]
[Round "6"]
[White "Kaluzny, Michal"]
[Black "Slivova, Veronika"]
[Result "0-1"]
[WhiteElo "1717"]
[BlackElo "1468"]
[PlyCount "96"]
[EventDate "2008.06.14"]
[EventType "swiss"]
[EventRounds "9"]
[EventCountry "CZE"]
[SourceTitle "CBM 125 Extra"]
[Source "ChessBase"]
[SourceDate "2008.09.01"]
[SourceVersion "1"]
[SourceVersionDate "2008.09.01"]
[SourceQuality "1"]

1. e4 e5 2. Nf3 Nc6 3. Bc4 Bc5 4. b4 Bxb4 5. c3 Ba5 6. d4 d6 7. Qb3 Qd7 8. 0-0 Bb6 9. Bb5 a6 10. Ba4 Ba7 11. d5 b5 12. Bxb5 axb5 13. dxc6 Qxc6 14. Na3 Ba6 15. Re1 Nf6 16. Qc2 Ng4 17. Be3 Nxe3 18. fxe3 0-0 19. Nb1 Bc5 20. Nbd2 Qb6 21. Nf1 Bc8 22. Nh4 g6 23. Qf2 c6 24. Qg3 Qd8 25. Kh1 Kh8 26. h3 Be6 27. Re2 Ra3 28. Rc2 Qf6 29. Nf3 Rfa8 30. Qf2 h6 31. g4 Bb3 32. Rb2 Qe6 33. Nh4 Rxa2 34. Raxa2 Rxa2 35. Rxa2 Bxa2 36. Qc2 Bc4 37. Nd2 Bxe3 38. Ng2 Bxd2 39. Qxd2 Kg7 40. Kh2 Qf6 41. Qe3 d5 42. exd5 Bxd5 43. Qd3 Bxg2 44. Kxg2 Qe6 45. Kg3 e4 46. Qd4+ Kh7 47. Qe3 Qe5+ 48. Kg2 c5 0-1

[Event "Teplice op 3rd"]
[Site "Teplice"]
[Date "2008.06.18"]
[Round "5"]
[White "Nechyba, Ilja"]
[Black "Kaluzny, Michal"]
[Result "1-0"]
[WhiteElo "1913"]
[BlackElo "1717"]
[PlyCount "83"]
[EventDate "2008.06.14"]
[EventType "swiss"]
[EventRounds "9"]
[EventCountry "CZE"]
[SourceTitle "CBM 125 Extra"]
[Source "ChessBase"]
[SourceDate "2008.09.01"]
[SourceVersion "1"]
[SourceVersionDate "2008.09.01"]
[SourceQuality "1"]

1. e3 e5 2. g3 Nc6 3. Bg2 Bc5 4. b3 d5 5. d3 Nf6 6. Ne2 Be6 7. Nd2 Qd7 8. Bb2 Bh3 9. Bxh3 Qxh3 10. Ng1 Qe6 11. Ngf3 0-0-0 12. c3 h6 13. b4 Bb6 14. a4 a5 15. b5 Ne7 16. d4 e4 17. Ng1 h5 18. h4 Ng4 19. Nh3 Ng6 20. Qe2 c5 21. bxc6 Qxc6 22. 0-0 Qd6 23. c4 Qf6 24. cxd5 Nxh4 25. gxh4 Qxh4 26. Kg2 Rd6 27. Nxe4 Rg6 28. Rac1+ Bc7 29. Ng3 Kb8 30. Rxc7 Kxc7 31. Nf4 Rf6 32. Rh1 Qg5 33. Ba3 h4 34. Be7 Nxe3+ 35. Qxe3 Qxf4 36. Bxf6 Qxf6 37. Qe5+ Qxe5 38. dxe5 g5 39. Nf5 Re8 40. Re1 Kd7 41. Nd6 Re7 42. Nxb7 1-0

[Event "CZE-ch Juniors op-B"]
[Site "Sec u Chrudimi"]
[Date "2008.03.10"]
[Round "4"]
[White "Kaluzny, Michal"]
[Black "Mar, Tomas"]
[Result "1-0"]
[WhiteElo "1702"]
[BlackElo "1601"]
[PlyCount "53"]
[EventDate "2008.03.08"]
[EventType "swiss"]
[EventRounds "9"]
[EventCountry "CZE"]
[SourceTitle "EXT 2009"]
[Source "ChessBase"]
[SourceDate "2008.11.26"]
[SourceVersion "1"]
[SourceVersionDate "2008.11.26"]
[SourceQuality "1"]

1. e4 d6 2. Nf3 Nf6 3. Nc3 g6 4. Bc4 Bg7 5. 0-0 c6 6. e5 dxe5 7. Nxe5 0-0 8. d3 Nd5 9. Re1 Qd6 10. d4 Nxc3 11. bxc3 c5 12. Ba3 Qc7 13. Bxc5 Bxe5 14. Rxe5 Re8 15. Qe2 e6 16. Ba3 Nc6 17. Re3 b6 18. d5 Na5 19. Bb5 Rd8 20. d6 Qb7 21. Rd1 a6 22. Bd3 Bd7 23. Rb1 Bc6 24. f3 Bd5 25. c4 Bc6 26. c5 Bb5 27. c4 1-0

[Event "CZE-ch Juniors op-B"]
[Site "Sec u Chrudimi"]
[Date "2008.03.08"]
[Round "1"]
[White "Koller, Martin"]
[Black "Kaluzny, Michal"]
[Result "1/2-1/2"]
[WhiteElo "1398"]
[BlackElo "1702"]
[PlyCount "57"]
[EventDate "2008.03.08"]
[EventType "swiss"]
[EventRounds "9"]
[EventCountry "CZE"]
[SourceTitle "EXT 2009"]
[Source "ChessBase"]
[SourceDate "2008.11.26"]
[SourceVersion "1"]
[SourceVersionDate "2008.11.26"]
[SourceQuality "1"]

1. b3 e5 2. Bb2 Nc6 3. e3 d5 4. Nf3 Bd6 5. Bb5 Qe7 6. d3 Bd7 7. Nbd2 a6 8. Bxc6 Bxc6 9. Qe2 Nf6 10. c4 dxc4 11. Nxc4 Bb4+ 12. Nfd2 Nd7 13. 0-0 b5 14. a3 bxc4 15. axb4 cxb3 16. Ba3 Bb5 17. e4 Qe6 18. Rab1 a5 19. Rxb3 axb4 20. Bxb4 Ra2 21. Rfb1 Qa6 22. Qg4 Rg8 23. Qg5 Qf6 24. Qxf6 Nxf6 25. Nf3 Nd7 26. Bd6 cxd6 27. Rxb5 Ke7 28. d4 f6 29. d5 1/2-1/2

[Event "Sec op-B"]
[Site "Sec u Chrudimi"]
[Date "2007.10.20"]
[Round "1"]
[White "Hanzlik, David"]
[Black "Kaluzny, Michal"]
[Result "0-1"]
[WhiteElo "1412"]
[BlackElo "1745"]
[PlyCount "94"]
[EventDate "2007.10.20"]
[EventType "swiss"]
[EventRounds "9"]
[EventCountry "CZE"]
[SourceTitle "EXT 2022"]
[Source "ChessBase"]
[SourceDate "2021.10.06"]
[SourceVersion "1"]
[SourceVersionDate "2021.10.06"]
[SourceQuality "1"]

1. e4 e5 2. f4 exf4 3. Nf3 g5 4. h4 g4 5. Ne5 d5 6. d4 Be7 7. Bxf4 Nf6 8. exd5 Nxd5 9. Bg3 f5 10. Bc4 Rf8 11. Bxd5 Qxd5 12. 0-0 Nc6 13. Nxc6 Qxc6 14. Qe2 Bd7 15. c4 Rf7 16. Nc3 0-0-0 17. Nb5 Qh6 18. Bxc7 Qxh4 19. Qe5 Bxb5 20. Bxd8 Bxd8 21. cxb5 g3 22. Rac1+ Kd7 23. Qd5+ Ke8 24. Rce1+ Be7 25. Rxe7+ Qxe7 26. Qe5 Qxe5 27. dxe5 Ke7 28. Re1 Ke6 29. Kf1 Rc7 30. a4 Rc2 31. Re2 Rc1+ 32. Re1 Rxe1+ 33. Kxe1 Kxe5 34. Ke2 Kf4 35. a5 Kg4 36. a6 b6 37. Ke3 f4+ 38. Ke4 f3 39. gxf3+ Kh3 40. f4 g2 41. f5 g1Q 42. Ke5 Qe3+ 43. Kf6 Kg4 44. Kf7 Kxf5 45. b4 Qh6 46. Kg8 Kf6 47. Kh8 Qg7# 0-1

[Event "CZE-ch Juniors op-B"]
[Site "Sec u Chrudimi"]
[Date "2007.03.14"]
[Round "6"]
[White "Kovar, Jan1111"]
[Black "Kaluzny, Michal"]
[Result "0-1"]
[WhiteElo "1618"]
[BlackElo "1594"]
[PlyCount "134"]
[EventDate "2007.03.10"]
[EventType "swiss"]
[EventRounds "9"]
[EventCountry "CZE"]
[SourceTitle "EXT 2008"]
[Source "ChessBase"]
[SourceDate "2007.11.25"]
[SourceVersion "1"]
[SourceVersionDate "2007.11.25"]
[SourceQuality "1"]

1. e4 c5 2. Nf3 d6 3. d4 cxd4 4. Nxd4 Nf6 5. Nc3 g6 6. Be2 Bg7 7. Be3 Nc6 8. f4 a6 9. h3 h5 10. Qd2 Bd7 11. a4 Rc8 12. Bf3 Na5 13. Be2 Nc4 14. Bxc4 Rxc4 15. Qd3 Qc7 16. e5 dxe5 17. fxe5 Nh7 18. Nd5 Qa5+ 19. Nc3 Rxa4 20. Rd1 Ra1 21. 0-0 Rxd1 22. Rxd1 Nf8 23. Nf3 Bf5 24. Qd2 Nd7 25. Nd4 Qxe5 26. Nxf5 Qxf5 27. Bd4 Bxd4+ 28. Qxd4 Qc5 29. Qxc5 Nxc5 30. Nd5 0-0 31. Nb6 a5 32. Rd4 Na6 33. c3 f6 34. Rc4 Rd8 35. Ra4 Rd1+ 36. Kh2 Rd2 37. Nc4 b5 38. Nxd2 bxa4 39. Nc4 Nc5 40. Nxa5 Kg7 41. Kg3 Kf7 42. Nc4 e5 43. Kf3 Ke6 44. Ke3 f5 45. Kf3 g5 46. Ke3 f4+ 47. Kf3 e4+ 48. Ke2 g4 49. hxg4 hxg4 50. Nd2 Kf5 51. Nc4 f3+ 52. gxf3 exf3+ 53. Ke3 Kg5 54. Ne5 Kf5 55. Nxf3 gxf3 56. Kxf3 Nd3 57. Ke3 Nxb2 58. Kd2 a3 59. Kc2 Ke5 60. c4 Nxc4 61. Kb3 Kd5 62. Ka2 Kc5 63. Kb3 Kb5 64. Ka2 Kb4 65. Ka1 Kb3 66. Kb1 Ne3 67. Ka1 Nc2+ 0-1

[Event "CZE-ch Juniors op-B"]
[Site "Sec u Chrudimi"]
[Date "2007.03.12"]
[Round "4"]
[White "Kaluzny, Jiri"]
[Black "Kaluzny, Michal"]
[Result "0-1"]
[WhiteElo "1668"]
[BlackElo "1594"]
[PlyCount "92"]
[EventDate "2007.03.10"]
[EventType "swiss"]
[EventRounds "9"]
[EventCountry "CZE"]
[SourceTitle "EXT 2008"]
[Source "ChessBase"]
[SourceDate "2007.11.25"]
[SourceVersion "1"]
[SourceVersionDate "2007.11.25"]
[SourceQuality "1"]

1. e4 c5 2. d4 cxd4 3. Nf3 d6 4. Nxd4 Nf6 5. Nc3 g6 6. Be3 Bg7 7. f3 h5 8. Qd2 Nc6 9. 0-0-0 Bd7 10. Bc4 a6 11. h3 b5 12. Bb3 Na5 13. g4 Nxb3+ 14. cxb3 Qa5 15. Kb1 Rc8 16. g5 Nh7 17. h4 Nf8 18. f4 Bg4 19. Rc1 Ne6 20. Nxe6 fxe6 21. Bd4 Bxd4 22. Qxd4 0-0 23. b4 Qd8 24. f5 exf5 25. exf5 Bxf5+ 26. Ka1 Rc4 27. Qa7 Rxb4 28. Nd5 Re4 29. Rc7 Rf7 30. Rhc1 Kg7 31. Qxa6 b4 32. Qa7 Qe8 33. Rb7 Rxh4 34. Rf1 e6 35. Nf6 Qf8 36. Nd7 Qc8 37. a4 bxa3 38. Rc7 axb2+ 39. Kxb2 Rh2+ 40. Ka3 Rh3+ 41. Kb4 Qe8 42. Nf6 Rh4+ 43. Kc3 Rxc7+ 44. Qxc7+ Qf7 45. Qxd6 Rh3+ 46. Kb4 Qb7+ 0-1

[Event "CZE-ch U16"]
[Site "Sec u Chrudimi"]
[Date "2005.10.22"]
[Round "1"]
[White "Oresky, Jan"]
[Black "Kaluzny, Michal"]
[Result "1-0"]
[WhiteElo "1981"]
[BlackElo "1524"]
[PlyCount "91"]
[EventDate "2005.10.22"]
[EventType "swiss"]
[EventRounds "9"]
[EventCountry "CZE"]
[SourceTitle "EXT 2008"]
[Source "ChessBase"]
[SourceDate "2007.11.25"]
[SourceVersion "1"]
[SourceVersionDate "2007.11.25"]
[SourceQuality "1"]

1. e4 e6 2. d4 d5 3. Nd2 c5 4. exd5 Qxd5 5. Ngf3 Nc6 6. Bc4 Qh5 7. Nb3 cxd4 8. Nbxd4 Nxd4 9. Qxd4 Qc5 10. Qd3 Bd6 11. 0-0 Bd7 12. Rd1 Ke7 13. Be3 Qc7 14. Bb5 Bxb5 15. Qxb5 a6 16. Qb3 Nf6 17. Bb6 Qc6 18. Nd4 Qe4 19. Re1 Qg4 20. h3 Qg6 21. Nxe6 fxe6 22. Qxe6+ Kf8 23. Qxd6+ Kg8 24. Bd4 Nh5 25. Qxg6 hxg6 26. Re7 Nf6 27. Bxf6 gxf6 28. Rxb7 Rh7 29. Rxh7 Kxh7 30. Rd1 Rb8 31. b3 Rc8 32. c4 f5 33. f4 a5 34. Rd7+ Kh6 35. Ra7 Rc5 36. Kf2 g5 37. Kf3 gxf4 38. Kxf4 Kg6 39. Ra6+ Kf7 40. g4 fxg4 41. hxg4 Kg7 42. g5 Kf7 43. Kg4 Kg7 44. Kh5 Kf7 45. Kh6 Re5 46. g6+ 1-0

[Event "CZE-ch U14"]
[Site "Volyne"]
[Date "2003.??.??"]
[Round "?"]
[White "Palkova, Katerina"]
[Black "Kaluzny, Michal"]
[Result "1-0"]
[WhiteElo "1712"]
[BlackElo "1381"]
[PlyCount "67"]
[EventDate "2003.??.??"]
[EventType "swiss"]
[EventRounds "9"]
[EventCountry "CZE"]
[SourceTitle "EXT 2005"]
[Source "ChessBase"]
[SourceDate "2004.11.15"]
[SourceVersion "1"]
[SourceVersionDate "2004.11.15"]
[SourceQuality "1"]

1. e4 c5 2. Nf3 d6 3. d4 cxd4 4. Nxd4 Nf6 5. Nc3 g6 6. Be2 Bg7 7. Be3 0-0 8. Qd2 Bd7 9. 0-0-0 Nc6 10. Nxc6 Bxc6 11. f3 Rc8 12. Bh6 Bd7 13. h4 Qa5 14. Bxg7 Kxg7 15. g4 Be6 16. h5 Bxa2 17. hxg6 fxg6 18. Qh6+ Kf7 19. g5 Rxc3 20. bxc3 Rc8 21. Bd3 Qxc3 22. gxf6 exf6 23. Qxh7+ Ke6 24. Qxg6 Bb3 25. Qf5+ Ke7 26. Rh7+ Bf7 27. Qd5 Qa3+ 28. Kd2 Qb4+ 29. Ke2 Rf8 30. Bc4 b5 31. Rxf7+ Rxf7 32. Qxf7+ Kd8 33. Be6 a5 34. Rh1 1-0

[Event "CZE-ch U14"]
[Site "Volyne"]
[Date "2003.??.??"]
[Round "?"]
[White "Vandas, Jakub"]
[Black "Kaluzny, Michal"]
[Result "1-0"]
[WhiteElo "1646"]
[BlackElo "1381"]
[PlyCount "123"]
[EventDate "2003.??.??"]
[EventType "swiss"]
[EventRounds "9"]
[EventCountry "CZE"]
[SourceTitle "EXT 2005"]
[Source "ChessBase"]
[SourceDate "2004.11.15"]
[SourceVersion "1"]
[SourceVersionDate "2004.11.15"]
[SourceQuality "1"]

1. d4 Nf6 2. c4 c5 3. Nf3 d6 4. Nc3 Nbd7 5. g3 b6 6. Bg2 Bb7 7. 0-0 g6 8. Bf4 Bg7 9. Qd2 0-0 10. d5 Nh5 11. Bh6 Qc7 12. Bxg7 Kxg7 13. Nb5 Qd8 14. Qc3+ Nhf6 15. Qd2 Ba6 16. Na3 Ng4 17. h3 Nh6 18. Qc3+ Nf6 19. g4 Kg8 20. g5 Ne4 21. Qe3 Nxg5 22. Qxg5 Kg7 23. e4 f6 24. Qd2 g5 25. Nxg5 fxg5 26. Qxg5+ Kh8 27. Qxh6 Rf6 28. Qe3 Rg6 29. Kh2 Qg8 30. Rg1 Qg7 31. Qc3 Rf8 32. Qxg7+ Rxg7 33. Bf3 Bc8 34. Bh1 Rfg8 35. Rxg7 Rxg7 36. Nb5 a6 37. Nc3 Rg6 38. Ne2 Rh6 39. Bg2 Rg6 40. Rg1 Kg7 41. Bh1 Rxg1 42. Nxg1 Kg6 43. Kg3 Kg5 44. f4+ Kg6 45. Bf3 b5 46. b3 b4 47. Bg4 Bxg4 48. hxg4 h5 49. gxh5+ Kxh5 50. Nf3 Kg6 51. Kg4 Kf6 52. e5+ Kg6 53. exd6 exd6 54. f5+ Kf6 55. Kf4 Kf7 56. Kg5 Kg7 57. f6+ Kf7 58. Nh4 Kf8 59. Kg6 Kg8 60. f7+ Kf8 61. Kf6 a5 62. Ng6# 1-0